| 000 | 00825cam a22002651 4500 | ||
|---|---|---|---|
| 001 | gs 11000348 | ||
| 003 | DLC | ||
| 005 | 20260227111311.0 | ||
| 008 | 730130s1910 ohua b 000 0 eng | ||
| 010 | _ags 11000348 | ||
| 035 | _a(OCoLC)547564 | ||
| 040 |
_aDLC _cODaWU _dO _dDLC |
||
| 043 | _an-us-oh | ||
| 050 | 0 | 0 |
_aQE151 _b.A18 no. 13 |
| 051 |
_aQE671 _b.M8 |
||
| 100 | 1 |
_aMorse, William Clifford, _d1874-1962. |
|
| 245 | 1 | 4 | _aThe Maxville limestone. |
| 260 |
_aColumbus, O. _b[Printed by the Springfield publishing company] _c1910. |
||
| 300 |
_a128 p. _billus. _c25 cm. |
||
| 490 | 1 |
_aBulletin ; _vno. 13 |
|
| 504 | _a"Bibliography and abstract of literature": p. 11-34. | ||
| 650 | 0 |
_aGeology _zOhio. |
|
| 650 | 0 |
_aGeology, Stratigraphic _yCarboniferous. |
|
| 830 | 0 |
_aBulletin (Geological Survey of Ohio) ; _v13. |
|
| 999 |
_c25047 _d25047 |
||